A Court of Thorns and Roses Characters - Statistics

General Stats
  • This quiz has been taken 385 times
  • The average score is 29 of 58
Answer Stats
Hint % Correct
The protagonist of the series Feyre Archeron
99%
High Lord of the Spring Court Tamlin
88%
Evil Fae that ruled Prythian for nearly 50 years Amarantha
87%
Member of the Night Court inner circle, very old Amren
87%
A member of the Inner Circle. An Illyrian with lots of sass Cassian
85%
Member of the inner circle. An illyrian, was abused when he was younger Azriel
84%
A member of the Inner Circle with a dark childhood. Always happy and bouncing with life Morrigan
79%
Youngest son of the Autumn Court that went rogue Lucien Vanserra
78%
The oldest Archeron sister, seen as very icy and cruel Nesta Archeron
78%
The second eldest sister of the Protagonist Elain Archeron
77%
An evil ancient being trapped in the Prison. It takes on the form of the Protagonist's future child Bone Carver
75%
High Lord of the Autumn Court Beron Vanserra
74%
The maid of the protagonist during her time at the Spring Court Alis
73%
High Priestess of the Spring Court Ianthe
71%
High Lord of Day Helion
70%
High Lord of the Summer Court Tarquin
66%
Oldest son of High Lord of Autumn Eris Vanserra
65%
High Lord of the Winter Court Kallias
65%
A human that fought in the war and was tortured by the Evil Queen Jurian
63%
Malevolent Faerie that answers any questions asked by the Protagonist. Sadly dies in ACOWAR Suriel
62%
An evil being created by Hybern. The protagonist killed it during ACOMAF Attor
57%
The mate of the protagonist Rhysand
57%
An evil male that attempts to take over all of Prythian and the mortal lands King of Hybern
56%
A human queen that was made into a firebird Vassa
55%
An ancient being that was contained under the Library in Velaris Bryaxis
54%
A young woman that was killed when the protagonist gave her name to the Evil Queen Clare Beddor
54%
Lives in The Middle. At the top of the food chain. The Weaver
53%
One of the main Lords in the Court of Nightmares. Is the father of one of the Inner Circle Keir
52%
One of the Protagonist's handmaidens while under the mountain Nuala
52%
Was shot by the protagonist when sent across the wall by High Lord of Spring Andras
49%
One of the protagonist's handmaidens Under the Mountain Cerridwen
47%
High Lord of the Dawn Court Thesan
47%
High fae male from the Summer Court. Varian
47%
Fought during the war. Seraphim legion Drakon
43%
A priestess that worked in the library in Velaris after she was mutilated by males Clotho
42%
Was formerly engaged to one of the Archeron sisters Graysen
41%
Princess of Adriata Cresseida
40%
A demi-fae, the former lover of a human in the War. Left himas he went insane Miryam
40%
Lady of the Winter Court; mate of the High Lord Viviane
39%
A healer in Velaris Madja
37%
A sentry at the Spring Court Hart
35%
Former lover of the youngest son of Autum. Was killed by the High Lord and his eldest sons Jesminda
35%
King of Hybern's Niece Brannagh
34%
Former general of Hybern and younger sister of the Evil Queen Clythia
34%
An Illyrain General. Let the inner circle boys take the rite. Devlon
34%
Owns a bar in Velaris where the Inner Circe visit frequently Rita
34%
A guard at the Spring Court that flirted with the High Priestess Bron
33%
Nephew of the King of Hybern Dagdan
32%
A young seraphim whose story is very inspirational to the protagonist Nephelle
31%
Briefly knew the protaonist, was used by her for release Isaac Hale
24%
Master tinkerer in the Dawn Court. Recreated the youngest Autumn son's eye Nuan
24%
The Evil Queen's hounds Naga
21%
The eldest Archeron sister thought he would propose to her in ACOTAR Tomas Mandray
21%
The Golden Human Queen Demetra
11%
The brother of the Weaver Koschei
11%
A mortal Queen that lived during the first war. One of the Inner Circle loved her very much Andromache
10%
High fae that owns a restaurant in Velaris Sevenda
4%
A high fae Lord that lives in the Hewn City Thanatos
3%
No matching quizzes found
Score Distribution
Percent of People with Each Score
Percentile by Number Answered
Your Score History
You have not taken this quiz